00377nam a22001457a 450000500170000000800410001702000270005804000090008508200150009410000160010924500390012526000360016430000080020065000230020820260211125409.0260211b |||||||| |||| 00| 0 eng d a9788198096005c1695.00 aMAIN a591.4bJAI aJain, Rahul aComparative Anatomy of Vertebrates aNew DelhibBlackwell Presc2025 a318 aBiological Science